Les gares de Paris - Statistiques

Statistiques générales
  • Ce quiz a été pris 187 fois
  • Le résultat moyen est 6 sur 7
Statistiques - réponses
Par images Réponse % Correct
Montparnasse
95%
Nord
95%
Lyon
91%
Est
90%
Bercy
88%
Saint-Lazare
86%
Austerlitz
78%
Aucun quiz correspondant
Distribution des résultats
% des personnes avec chaque résultat
Percentile par nombre de réponses
Votre historique - résultats
Vous n’avez pas pris ce quiz